000 00387nam a22001697a 4500
003 MPLRDC
005 20220104144302.0
008 210129b ||||| |||| 00| 0 eng d
082 _a290.7 LQL
100 _a李青莲编
245 _a因果与命运
_c
260 _a
_b快泽
_c
300 _b
490 _a迷你系列. 221
650 _a术数总论
942 _cBK
_o290.7 LQL
999 _c48128
_d48118